00955nam a2200241 a 450000100100000000500170001000800410002702000150006810000250008324500890010826000400019730000280023750000720026550000530033750000420039050000270043253400530045970000320051270000280054495201110057299900170068304000130070000001080420200929162308.0091012s1998 ag a 001 0 spa d a95015189221 aChopra, Deepak9347110aSanar el corazón /cDeepak Chopra ; editor Javier Vergara ; traductor Edith Zilli. aBuenos Aires :bB Argentina,c1998. a156 p. :bil. ;c24 cm. aEl equilibrio mente/cuerpo es la clave para tener un corazón sano aIncluye datos biograficos del autor en la solapa aIncluye notas al pie de las páginas atraducido al español aTítulo original en inglésbHealing the heart1 aVergara, Javiereed.9128641 aZilli, Edithetr.93228 001054708MOaGRbGRcCTd2009-10-12iLF1l0o p10804-10r2020-06-25w2020-06-25y4ZPréstamo en sala c10553d10553 aDO-SdBNP